| 000 | 00626nam a2200181Ia 4500 | ||
|---|---|---|---|
| 008 | 090124s9999 xx 000 0 und d | ||
| 082 | _b10119 | ||
| 100 | _aदेशपांडे पु.ल. | ||
| 245 | _a तीन पैशाचा तमाशा | ||
| 250 | _a1 | ||
| 260 |
_bविश्र्वकर्मा साहित्यालय़ _c1978 |
||
| 300 | _a92 | ||
| 600 | _aदेशपांडे पु.ल. | ||
| 630 | _a तीन पैशाचा तमाशा | ||
| 700 | _aदेशपांडे पु.ल. | ||
| 730 | _a तीन पैशाचा तमाशा | ||
| 942 | _cBOOK | ||
| 999 |
_c86058 _d86058 |
||